| 000 | 00389 a2200157 4500 | ||
|---|---|---|---|
| 020 | _a0-14-062049-4 | ||
| 040 |
_aDLC _bDLC |
||
| 100 | 1 | _aKipling, Rudyard, | |
| 245 | 0 | 0 |
_aKim _cRudyard Kipling |
| 250 | _a[New ed.] | ||
| 260 |
_aLondon : _bPenguin books, _c1994 |
||
| 300 | _a383 s. | ||
| 490 | 0 | _aPenguin popular classics | |
| 500 | _aOriginalupplaga 1901 | ||
| 942 |
_cBK _k823.8 KIP _2ddc |
||
| 999 |
_c5111 _d5111 |
||